• 首页
  • 本馆介绍
  • 公告通知
  • 最新文献
  • 馆藏检索
  • 电子资源
  • 读者导购
  • 参考咨询
  • 我的图书馆
  • 登录
  • 详细信息显示
  • 放入我的书架
  • 预约/预借图书
  • 作者相关作品
  • 分类相关作品
  • 丛书相关作品
  • 出版社相关作品

书目信息

  • 表格格式
  • 工作单格式
  • 卡片格式
题名:
新时期入党培训教材
    
 
作者: 何贵生 主编
分册:  
出版信息: 北京   中共中央党校出版社  1994
页数: 206页
开本: 19cm
丛书名: 社会主义市场经济条件下党员教育丛书
单 册:
中图分类: D219
科图分类: 33.121
主题词:
电子资源:
ISBN: 7-5035-1060-9
000 00771nam2 2200253 45
001 0195027873
005 20070725085117.84
010    @a7-5035-1060-9@dCNY8.50
100    @a19950525e19951994em y0chiy0121 ea
101 0  @achi
102    @aCN@b110000
105    @ay z 000yy
200 10 @a新时期入党培训教材@AXIN SHI QI RU DANG PEI XUN JIAO CAI@f何贵生主编@FHE GUI SHENG ZHU BIAN
210    @a北京@c中共中央党校出版社@d1994@h1999
215    @a206页@d19cm
225 2  @a社会主义市场经济条件下党员教育丛书
410  0 @120010@a社会主义市场经济条件下党员教育丛书
540 1  @a入党@ARU DANG
601 02 @a中国共产党@x基本知识@x教材
690    @aD219
692    @a33.121
701  0 @a何贵生@AHE GUI SHENG@4主编
801  0 @aCN@bTSSF@c20070725
905    @a10447@dD219@e168
    
    新时期入党培训教材/何贵生主编.-北京:中共中央党校出版社,1994(1999)
    206页;19cm.-(社会主义市场经济条件下党员教育丛书)
    
    
    ISBN 7-5035-1060-9:CNY8.50
    
●
相关链接 在E读中查询图书 在五车中查询图书 在当当中查询图书 在豆瓣中查询图书


正题名:新时期入党培训教材     索取号:D219/168         预约/预借

序号 登录号 条形码 馆藏地/架位号 状态 备注
1 0768973   207689731   第一样本阅览室/ [索取号:D219/168] 在馆    
唐山师范学院图书馆 欢迎您!
大连网信软件有限公司© 版权所有